|
|
|
|
| LEADER |
00000nam0a2200000 4500 |
| 001 |
217758 |
| 005 |
20231101230136.0 |
| 010 |
|
|
|a 9785804412488
|
| 035 |
|
|
|a (RuTPU)RU\TPU\book\237760
|
| 090 |
|
|
|a 217758
|
| 100 |
|
|
|a 20120608d2011 k y0rusy50 ca
|
| 101 |
0 |
|
|a rus
|
| 102 |
|
|
|a RU
|
| 105 |
|
|
|a a z 001zy
|
| 200 |
1 |
|
|a Вопросы гидравлики пароводяной смеси при освоении геотермальных месторождений
|f А. Н. Шулюпин
|g Российская академия наук (РАН), Дальневосточное отделение (ДВО), Научно-исследовательский геотехнологический центр (НИГТЦ)
|
| 210 |
|
|
|a Владивосток
|c Дальнаука
|d 2011
|
| 215 |
|
|
|a 262 с.
|c ил.
|
| 320 |
|
|
|a Библиогр.: с. 250-259.
|
| 330 |
|
|
|a В работе рассматривается комплекс вопросов, связанных с гидравликой пароводяной смеси в системах добычи и транспортировки геотермального теплоносителя. Рассмотрены течения в скважинах, в том числе вопросы их возбуждения, и наземном оборудовании промысла, а также методы измерения расходных параметров пароводяных скважин. Разработаны научно-методические основы решения практических задач гидравлики пароводяной смеси в элементах оборудования геотермальных промыслов. Для научных работников, интересующихся гидравликой газожидкостной смеси, и инженеров, занимающихся освоением парогидротермальных месторождений.
|
| 606 |
1 |
|
|a Геотермальные месторождения
|x Разработка
|2 stltpush
|3 (RuTPU)RU\TPU\subj\6235
|9 34167
|
| 610 |
1 |
|
|a геотермальные ресурсы
|
| 610 |
1 |
|
|a освоение
|
| 610 |
1 |
|
|a пароводяные смеси
|
| 610 |
1 |
|
|a гидравлика
|
| 610 |
1 |
|
|a пароводяные потоки
|
| 610 |
1 |
|
|a измерения
|
| 610 |
1 |
|
|a расходные параметры
|
| 610 |
1 |
|
|a течение
|
| 610 |
1 |
|
|a транспортировка
|
| 610 |
1 |
|
|a гидравлические расчеты
|
| 675 |
|
|
|a 622.322
|v 3
|
| 700 |
|
1 |
|a Шулюпин
|b А. Н.
|g Александр Николаевич
|
| 712 |
0 |
2 |
|a Российская академия наук (РАН)
|b Дальневосточное отделение (ДВО)
|b Научно-исследовательский геотехнологический центр (НИГТЦ)
|c (Петропавловск-Камчатский)
|2 stltpush
|3 (RuTPU)RU\TPU\col\5241
|
| 801 |
|
1 |
|a RU
|b 63413507
|c 20120608
|
| 801 |
|
2 |
|a RU
|b 63413507
|c 20140714
|g RCR
|
| 942 |
|
|
|c BK
|